000 00655nam a2200241Ia 4500
003 OSt
005 20221005032004.0
006 a|||||r|||| 00| 0
007 ta
008 221004b |||||||| |||| 00| 0 tam d
024 _a63931
037 _cTextual
040 _aCRL
_cCRL
_btam
041 _2tam
_atam
082 _aO31,3:g, K6;6
100 _aSalai Ilanthirayan Au.
_9584629
245 0 _aThamilil Sirukathaikal
260 _aChennai
_bThamil puthakalayam India
_c1966
300 _a159p.
_ccm.
650 _aTAMIL LITERATURE
942 _hO31,3:g, K6;6
_cTEXL
_2cc
999 _c938869
_d938869